Statistics for South Park Character Quiz

Click here to take the quiz!

General Stats

  • This quiz has been taken 215 times
  • The average score is 42 of 75

Answer Stats

HintAnswer% Correct
Kid Who Always Dies/Main Character #4Kenny McCormick
100%
The Jewish Kid/Main Character #2Kyle Broflovski
100%
The Everyman/Main Character #1Stan Marsh
100%
The Innocent Kid (Loo Loo Loo)Butters Stotch
99%
Evil Fat Kid/Main Character #3Eric Cartman
99%
Main Character #1's GirlfriendWendy Testaburger
97%
Handicapped Kid Who Moves Around In A WheelchairTimmy Burch
95%
Disabled Kid Who Needs Crutches To WalkJimmy Valmer
94%
African-American KidToken Black
93%
Wendy's Best FriendBebe Stevens
90%
Kid Who Likes To Flip People OffCraig Tucker
90%
Kid Who Drinks A Lot Of CoffeeTweek Tweak
90%
Father Of StanRandy Marsh
88%
Adopted Brother Of KyleIke Broflovski
83%
Chef At South Park Elementary (Hello There Children)Chef
81%
Kid Who Likes SportsClyde Donovan
79%
Main Characters #3's Ex-GirlfriendHeidi Turner
79%
The Boy's Teacher At South Park ElementaryMr. Garrison
79%
Mother Of KyleSheila Broflovski
77%
Counselor At South Park ElementaryMr. Mackey
75%
Mother Of StanSharon Marsh
75%
Sister Of StanShelly Marsh
75%
Ruler Of HellSatan
73%
Kid With DiabetesScott Malkinson
73%
Father Of KyleGerald Broflovski
71%
Puppet Used By ^Mr. Hat
71%
Mother Of CartmanLiane Cartman
67%
Talking TowelTowelie
66%
Principal At South Park ElementaryPrincipal Victoria
64%
The Christmas PooMr. Hankey
63%
^'s BoyfriendMr. Slave
62%
Main Police OfficerOfficer Barbrady
62%
Kenny's Superhero AliasMysterion
60%
Butters Super Villain AliasProfessor Chaos
60%
Cartman's Superhero AliasThe Coon
60%
Sister Of KennyKaren McCormick
58%
Stan's UncleJimbo Kern
56%
Stereotypical Homoseaxual ManBig Gay Al
53%
Brother Of KennyKevin McCormick
53%
Kid In Mr. Garrison's ClassKevin Stoley
53%
CEO Of The Walt Disney CompanyMickey Mouse
53%
Father Of KennyStuart McCormick
53%
Canadian Comedy DuoTerrance And Phillip
53%
Mother Of KennyCarol McCormick
47%
Kyle's Superhero AliasHuman Kite
45%
Mother Of ButtersLinda Stotch
45%
Stan's Superhero AliasToolshed
45%
Father Of ButtersStephen Stotch
44%
Alien Sent To Earth By His Parents After The Collision Of
The Mint And Berry Worlds
Bradley Biggle
43%
Bradley's Superhero AliasMint-Berry Crunch
43%
8th Grader That Cartman Vows Revenge OnScott Tenorman
42%
Token's Superhero AliasTupperware
42%
Clyde's Superhero AliasMosquito
40%
Craig's Superhero AliasSuper Craig
40%
Butters Little Red Head Friend In 2nd GradeDougie O' Connell
39%
Stupid Spoiled WhoreParis Hilton
38%
Wendy's Superhero AliasCall Girl
36%
Sex Ed TeacherMs. Choksondik
35%
Tweek's Superhero AliasWonder Tweek
35%
Dougie's Super Villain AliasGeneral Disarray
33%
Scott's Superhero AliasCaptain Diabetes
32%
Jimmy's Superhero AliasFastpass
29%
Kenny's GirlfriendTammy Warner
29%
Meanest, Toughest Kid In Pre-SchoolTrent Boyett
29%
Shy Blond GirlAnnie Knitts
26%
Timmy's Superhero AliasDoctor Timothy
26%
Wendy's Boyfriend From The MovieGregory
20%
Violent And Insane CelebrityMel Gibson
19%
Kid In Mr. Garrison's ClassJason White
18%
Pre-School Teacher Burned In A FireMiss Claridge
18%
Kid With Tourette SyndromeThomas
17%
Orca Who Wants To Go Home To The MoonWillzyx
14%
Girl With A String Southern AccentMillie Larsen
11%
Randy's Co-WorkerPeter Nelson
10%
Mr. Garrison's Replacement While He Ran For PresidentMargaret Nelson
3%

Score Distribution

Percentile by Number Answered

Percent of People with Each Score

Your Score History

You have not taken this quiz